Leaders of the UK Labour Party - Statistics

General Stats
  • This quiz has been taken 153 times
  • The average score is 15 of 27
Answer Stats
Years Answer % Correct
2020 - present Keir Starmer
100%
2007 - 2010 Gordon Brown
97%
1994 - 2007 Tony Blair
97%
2015 - 2020 Jeremy Corbyn
96%
1963 George Brown
93%
2010 - 2015 Ed Miliband
92%
1935 - 1955 Clement Attlee
85%
1963 - 1976 Harold Wilson
81%
1976 - 1980 James Callaghan
79%
1983 - 1992 Neil Kinnock
75%
1980 - 1983 Michael Foot
74%
1992 - 1994 John Smith
72%
1922 - 1931 Ramsay MacDonald
72%
1911 - 1914 Ramsay MacDonald
72%
2015 (acting) Harriet Harman
55%
2010 (acting) Harriet Harman
55%
1906 - 1908 Keir Hardie
48%
1955 - 1963 Hugh Gaitskell
35%
1994 (acting) Margaret Beckett
35%
1931 - 1932 Arthur Henderson
17%
1914 - 1917 Arthur Henderson
17%
1908 - 1910 Arthur Henderson
17%
1932 - 1935 George Lansbury
10%
1955 Herbert Morrison
10%
1921 - 1922 J.R. Clynes
5%
1910 - 1911 George Barnes
3%
1917 - 1921 William Adamson
3%
No matching quizzes found
Score Distribution
Percent of People with Each Score
Percentile by Number Answered
Your Score History
You have not taken this quiz